[Event "COL-ch sf 2nd"]
[Site "Tunja"]
[Date "2018.04.18"]
[Round "2"]
[White "Zuluaga Mancilla, Cesar"]
[Black "Barbosa, Daniela"]
[Result "1-0"]
[WhiteElo "2300"]
[BlackElo "1642"]
[PlyCount "51"]
[EventDate "2018.04.17"]
[EventType "swiss"]
[EventRounds "10"]
[EventCountry "COL"]
[SourceTitle "CBM 184 Extra"]
[Source "ChessBase"]
[SourceDate "2018.06.28"]
[SourceVersion "1"]
[SourceVersionDate "2018.06.28"]
[SourceQuality "1"]

1. d4 Nf6 2. Nf3 g6 3. c4 Bg7 4. Nc3 0-0 5. e4 d6 6. h3 Nbd7 7. Bd3 b6 8. g4 Re8 9. Be3 e5 10. d5 Nc5 11. Bc2 a5 12. Nd2 Re7 13. f3 h5 14. Nf1 Kh7 15. Bg5 Re8 16. gxh5 gxh5 17. Qd2 Rg8 18. h4 Qd7 19. Ng3 Kg6 20. 0-0-0 Nh7 21. Rdg1 f6 22. Be3 Kf7 23. Nxh5 Bf8 24. Ng3 Ke8 25. Bxc5 bxc5 26. Ba4 1-0

[Event "COL-ch rapid (Women)"]
[Site "Quibdo"]
[Date "2015.11.09"]
[Round "1"]
[White "Barbosa, Daniela"]
[Black "Herrera, Milena"]
[Result "0-1"]
[WhiteElo "1818"]
[BlackElo "2147"]
[PlyCount "92"]
[EventDate "2015.11.09"]
[EventType "swiss (rapid)"]
[EventRounds "9"]
[EventCountry "COL"]
[SourceTitle "CBM 169 Extra"]
[Source "ChessBase"]
[SourceDate "2015.12.18"]
[SourceVersion "1"]
[SourceVersionDate "2015.12.18"]
[SourceQuality "1"]

1. e4 c5 2. Nf3 e6 3. Nc3 a6 4. d3 Nc6 5. Be2 d5 6. exd5 exd5 7. 0-0 Nf6 8. Re1 Be7 9. h3 0-0 10. Bf1 h6 11. Ne2 Bd6 12. d4 Qb6 13. dxc5 Bxc5 14. Be3 Bxe3 15. fxe3 Qxe3+ 16. Kh1 Qb6 17. Rb1 Be6 18. Nf4 Rfe8 19. Nd2 Qf2 20. Nd3 Qg3 21. Qf3 Qxf3 22. Nxf3 Ne4 23. Kh2 Rac8 24. a3 Kf8 25. Re2 Bf5 26. Rd1 Nf6 27. Rxe8+ Rxe8 28. c3 Bxd3 29. Rxd3 Ne5 30. Nxe5 Rxe5 31. Rd2 Ke7 32. Re2 Rxe2 33. Bxe2 Ke6 34. Kg3 Ke5 35. Bd3 Nd7 36. b4 Nb6 37. Kf3 Na4 38. c4 Nb2 39. Bc2 Nxc4 40. a4 Kd4 41. b5 axb5 42. axb5 Kc3 43. Bd1 d4 44. Ke2 d3+ 45. Ke1 Kb2 46. Bf3 Kc1 0-1

[Event "COL-ch blitz (Women)"]
[Site "Quibdo"]
[Date "2015.11.08"]
[Round "2"]
[White "Barbosa, Daniela"]
[Black "Rivera, Ingris"]
[Result "0-1"]
[WhiteElo "1694"]
[BlackElo "2095"]
[PlyCount "144"]
[EventDate "2015.11.08"]
[EventType "swiss (blitz)"]
[EventRounds "18"]
[EventCountry "COL"]
[SourceTitle "CBM 169 Extra"]
[Source "ChessBase"]
[SourceDate "2015.12.18"]
[SourceVersion "1"]
[SourceVersionDate "2015.12.18"]
[SourceQuality "1"]

1. e4 c5 2. Nf3 d6 3. d4 cxd4 4. Nxd4 Nf6 5. Nc3 a6 6. Be3 e5 7. Nb3 Be7 8. f3 Be6 9. Bd3 Nc6 10. a3 d5 11. exd5 Nxd5 12. Nxd5 Bxd5 13. Qd2 0-0 14. 0-0 f5 15. f4 e4 16. Be2 Bf6 17. Rab1 Bf7 18. Rfd1 Qc7 19. Qe1 Rfd8 20. Na1 Rxd1 21. Qxd1 Rd8 22. Qe1 Nd4 23. c3 Nxe2+ 24. Qxe2 Bc4 25. Qf2 Qd6 26. Nc2 Bd3 27. Rd1 Qd5 28. Nd4 b5 29. Qd2 a5 30. Re1 Bh4 31. g3 Bf6 32. Rd1 g6 33. Kf2 Be7 34. Rg1 b4 35. axb4 axb4 36. Ra1 Ra8 37. Rxa8+ Qxa8 38. cxb4 Qa4 39. Qc3 Bxb4 40. Qb3+ Qxb3 41. Nxb3 Be7 42. Nd4 Kf7 43. Nc6 Bd6 44. Ne5+ Ke6 45. Nxd3 exd3 46. Bd2 Kd5 47. Bc3 Ke4 48. b3 Bc5+ 49. Ke1 Kf3 50. Kd2 Ke4 51. b4 Be3+ 52. Ke1 Bg1 53. b5 Kd5 54. Kd2 Kc5 55. Kxd3 Bxh2 56. Be1 Bg1 57. Kc3 Kxb5 58. Kd3 Kc5 59. Ke2 Kd5 60. Kf3 h5 61. Bd2 Kc4 62. Be1 Kd3 63. Bf2 Bxf2 64. Kxf2 Kd2 65. Kf1 Ke3 66. Kg2 Ke2 67. Kg1 Kf3 68. Kh2 h4 69. gxh4 Kxf4 70. Kh3 Ke3 71. Kg3 f4+ 72. Kg4 f3 0-1

[Event "COL-ch U20 Girls"]
[Site "Bogota"]
[Date "2015.03.15"]
[Round "7"]
[White "Cardoso Cardoso, Jaidy Marcela"]
[Black "Barbosa, Daniela"]
[Result "1-0"]
[WhiteElo "1682"]
[BlackElo "1632"]
[PlyCount "28"]
[EventDate "2015.03.12"]
[EventType "swiss"]
[EventRounds "7"]
[EventCountry "COL"]
[SourceTitle "CBM 165 Extra"]
[Source "ChessBase"]
[SourceDate "2015.04.21"]
[SourceVersion "1"]
[SourceVersionDate "2015.04.21"]
[SourceQuality "1"]

1. d4 Nf6 2. Nf3 g6 3. c4 Bg7 4. Nc3 0-0 5. e4 d6 6. Be2 Nc6 7. d5 Nb8 8. Bg5 e5 9. Nd2 h6 10. Bh4 Qd7 11. b4 Na6 12. Qb3 Nh7 13. a4 c5 14. dxc6 bxc6 1-0

[Event "COL-ch Amateur"]
[Site "Villavicencio"]
[Date "2015.02.21"]
[Round "7"]
[White "Suarez Ardila, Luisa Maria"]
[Black "Barbosa, Daniela"]
[Result "0-1"]
[WhiteElo "1497"]
[BlackElo "1632"]
[PlyCount "43"]
[EventDate "2015.02.18"]
[EventType "swiss"]
[EventRounds "9"]
[EventCountry "COL"]
[SourceTitle "CBM 165 Extra"]
[Source "ChessBase"]
[SourceDate "2015.04.21"]
[SourceVersion "1"]
[SourceVersionDate "2015.04.21"]
[SourceQuality "1"]

1. e4 e5 2. Nf3 Nc6 3. Bc4 d6 4. h3 Nf6 5. Nc3 Be7 6. 0-0 b6 7. Nd5 Nxe4 8. d3 Nf6 9. Nxf6+ Bxf6 10. Bd5 Bd7 11. Re1 0-0 12. Bd2 Rb8 13. Qc1 Ne7 14. Bb3 Ng6 15. Re4 Bc6 16. Re3 Nf4 17. Qf1 Qd7 18. Kh2 Kh8 19. g3 Ne6 20. Qg2 Be7 21. Bc3 f5 22. Nh4 0-1

[Event "COL-chT"]
[Site "Villavicencio"]
[Date "2014.08.16"]
[Round "2.4"]
[White "Barbosa, Daniela"]
[Black "Pinillo Canon, Silvana"]
[Result "1-0"]
[WhiteElo "1642"]
[BlackElo "1553"]
[PlyCount "65"]
[EventDate "2014.08.15"]
[EventType "team-swiss"]
[EventRounds "6"]
[EventCountry "COL"]
[SourceTitle "EXT 2015"]
[Source "ChessBase"]
[SourceDate "2014.11.20"]
[SourceVersion "1"]
[SourceVersionDate "2014.11.20"]
[SourceQuality "1"]
[WhiteTeam "Meta (W)"]
[BlackTeam "Tolima (W)"]
[WhiteTeamCountry "COL"]
[BlackTeamCountry "COL"]

1. e4 e5 2. Nf3 Nc6 3. Bb5 a6 4. Ba4 Nf6 5. d3 h6 6. Bxc6 bxc6 7. Nxe5 Bb7 8. 0-0 Bc5 9. d4 Bb6 10. c4 d6 11. Nf3 0-0 12. e5 Nd7 13. Bf4 dxe5 14. dxe5 Re8 15. a3 a5 16. Nbd2 Nf8 17. Qc2 Ng6 18. Bg3 Bc8 19. c5 Ba7 20. b4 axb4 21. axb4 Be6 22. Ra3 Qb8 23. Rfa1 Ne7 24. Nd4 Bd7 25. Qc4 Nc8 26. N2f3 Be6 27. Nxe6 Rxe6 28. Nd4 Rg6 29. e6 fxe6 30. Nxe6 Kh8 31. Qe4 Rf6 32. Nxc7 Rf7 33. Qe8+ 1-0

[Event "COL-ch U18"]
[Site "Cali"]
[Date "2014.04.04"]
[Round "4"]
[White "Romero, Daniela"]
[Black "Barbosa, Daniela"]
[Result "1-0"]
[WhiteElo "1939"]
[BlackElo "1654"]
[PlyCount "59"]
[EventDate "2014.04.03"]
[EventType "swiss"]
[EventRounds "7"]
[EventCountry "COL"]
[SourceTitle "CBM 159 Extra"]
[Source "ChessBase"]
[SourceDate "2014.04.24"]
[SourceVersion "1"]
[SourceVersionDate "2014.04.24"]
[SourceQuality "1"]

1. e4 e5 2. Nf3 Nc6 3. Bb5 Bc5 4. c3 Nge7 5. 0-0 0-0 6. d4 exd4 7. cxd4 Bb6 8. Nc3 d5 9. exd5 Nxd5 10. h3 h6 11. Re1 Be6 12. a3 Qf6 13. Ne4 Qd8 14. Nc3 Nxc3 15. bxc3 Ne7 16. Bd2 c6 17. Bd3 Bc7 18. Rb1 Rb8 19. Ne5 Qd6 20. a4 Ng6 21. f4 Nxe5 22. fxe5 Qd7 23. Qe2 Rfd8 24. Qe4 g6 25. Bxh6 c5 26. Bg5 Rdc8 27. Qh4 Bd8 28. Bf6 Bxf6 29. exf6 Qe8 30. d5 1-0

[Event "COL-ch U20 Girls"]
[Site "Bogota"]
[Date "2014.03.16"]
[Round "7"]
[White "Barbosa, Daniela"]
[Black "Becerra Fonseca, Camila Andrea"]
[Result "1-0"]
[WhiteElo "1672"]
[BlackElo "1632"]
[PlyCount "49"]
[EventDate "2014.03.13"]
[EventType "swiss"]
[EventRounds "7"]
[EventCountry "COL"]
[SourceTitle "CBM 159 Extra"]
[Source "ChessBase"]
[SourceDate "2014.04.24"]
[SourceVersion "1"]
[SourceVersionDate "2014.04.24"]
[SourceQuality "1"]

1. e4 c5 2. Nf3 Nc6 3. Nc3 e6 4. Bc4 d6 5. d4 cxd4 6. Nxd4 Nf6 7. Be3 d5 8. Bb5 Bd7 9. exd5 exd5 10. Qe2 Be7 11. 0-0-0 a6 12. Ba4 b5 13. Bb3 b4 14. Nxd5 Nxd5 15. Bxd5 Nxd4 16. Rxd4 Rb8 17. Bc6 0-0 18. Rxd7 Qc8 19. Ba4 Bf6 20. Rhd1 Re8 21. R1d6 Re5 22. Rxf6 gxf6 23. Qg4+ Kf8 24. Bh6+ Ke8 25. Qg8# 1-0

[Event "COL-ch U20 Girls"]
[Site "Bogota"]
[Date "2014.03.14"]
[Round "3"]
[White "Barbosa, Daniela"]
[Black "Cardoso Cardoso, Jaidy Marcela"]
[Result "0-1"]
[WhiteElo "1672"]
[BlackElo "1676"]
[PlyCount "42"]
[EventDate "2014.03.13"]
[EventType "swiss"]
[EventRounds "7"]
[EventCountry "COL"]
[SourceTitle "CBM 159 Extra"]
[Source "ChessBase"]
[SourceDate "2014.04.24"]
[SourceVersion "1"]
[SourceVersionDate "2014.04.24"]
[SourceQuality "1"]

1. e4 c5 2. Nf3 g6 3. d4 cxd4 4. Nxd4 Nc6 5. Nc3 Bg7 6. Be3 Nf6 7. f3 0-0 8. Qd2 d5 9. Nde2 Be6 10. 0-0-0 dxe4 11. Qe1 Qa5 12. Nd4 exf3 13. gxf3 Bd5 14. Nxd5 Qxd5 15. Nxc6 Qxc6 16. Be2 Rac8 17. c3 b5 18. Kb1 a5 19. h4 a4 20. a3 b4 21. c4 bxa3 0-1

[Event "COL-ch U20 Girls"]
[Site "Bogota"]
[Date "2014.03.13"]
[Round "2"]
[White "Argote Heredia, Valentina"]
[Black "Barbosa, Daniela"]
[Result "1-0"]
[WhiteElo "1867"]
[BlackElo "1672"]
[PlyCount "69"]
[EventDate "2014.03.13"]
[EventType "swiss"]
[EventRounds "7"]
[EventCountry "COL"]
[SourceTitle "CBM 159 Extra"]
[Source "ChessBase"]
[SourceDate "2014.04.24"]
[SourceVersion "1"]
[SourceVersionDate "2014.04.24"]
[SourceQuality "1"]

1. e4 e5 2. Nf3 Nc6 3. Bb5 d6 4. c3 Bd7 5. 0-0 Nf6 6. d4 exd4 7. cxd4 Be7 8. e5 Nd5 9. Re1 0-0 10. Nc3 Be6 11. Ne4 a6 12. Bc4 Qd7 13. Neg5 dxe5 14. Nxe6 fxe6 15. Qe2 Nb6 16. Bb3 Kh8 17. Bg5 Bxg5 18. Nxg5 h6 19. Nxe6 Nxd4 20. Qxe5 Nxe6 21. Bxe6 Qe7 22. Rac1 c6 23. Re3 Rae8 24. Qa5 Qf6 25. Rf3 Qxb2 26. Rxf8+ Rxf8 27. Rf1 Rf6 28. Bb3 Qd4 29. Qe1 Qd8 30. Qe4 Nd5 31. Re1 g6 32. g3 Qb6 33. Qe8+ Kg7 34. Re7+ Nxe7 35. Qxe7+ 1-0

[Event "Bogota University op 7th"]
[Site "Bogota"]
[Date "2013.10.13"]
[Round "8"]
[White "Barbosa, Daniela"]
[Black "Olarte Parra, Jhoan Sebastian"]
[Result "0-1"]
[WhiteElo "1681"]
[BlackElo "1922"]
[PlyCount "81"]
[EventDate "2013.10.10"]
[EventType "swiss"]
[EventRounds "9"]
[EventCountry "COL"]
[SourceTitle "CBM 156 Extra"]
[Source "ChessBase"]
[SourceDate "2013.10.22"]
[SourceVersion "1"]
[SourceVersionDate "2013.10.22"]
[SourceQuality "1"]

1. e4 c5 2. Nf3 d6 3. d4 cxd4 4. Nxd4 Nf6 5. Nc3 a6 6. Be3 e5 7. Nb3 Be6 8. Be2 Be7 9. 0-0 Nbd7 10. f4 exf4 11. Rxf4 Ne5 12. Nd5 Bxd5 13. exd5 0-0 14. c4 Nfd7 15. Rf1 Rc8 16. Nd2 f5 17. Rc1 Bg5 18. Bf2 Nf6 19. Rc2 Nfg4 20. Bxg4 Nxg4 21. Re1 Nxf2 22. Kxf2 Qb6+ 23. Kf1 Be3 24. Nf3 g5 25. Qd3 Rce8 26. Rce2 f4 27. Nxg5 Re7 28. Ne6 Rf6 29. b3 Ref7 30. Qe4 Rf5 31. Qf3 h5 32. h4 Kh7 33. Ng5+ Rxg5 34. hxg5 Kg6 35. Qh3 Rf5 36. Qh4 Qd4 37. Qh3 Qd3 38. Qf3 Kxg5 39. Ra1 a5 40. Rc1 Qd4 41. Ke1 0-1

[Event "Bogota University op 7th"]
[Site "Bogota"]
[Date "2013.10.10"]
[Round "2"]
[White "Barbosa, Daniela"]
[Black "Prieto, Ernesto"]
[Result "0-1"]
[WhiteElo "1681"]
[BlackElo "2134"]
[PlyCount "42"]
[EventDate "2013.10.10"]
[EventType "swiss"]
[EventRounds "9"]
[EventCountry "COL"]
[SourceTitle "CBM 156 Extra"]
[Source "ChessBase"]
[SourceDate "2013.10.22"]
[SourceVersion "1"]
[SourceVersionDate "2013.10.22"]
[SourceQuality "1"]

1. e4 e5 2. Nf3 Nc6 3. Nc3 Nf6 4. d4 exd4 5. Nxd4 Bb4 6. Nxc6 bxc6 7. Bg5 h6 8. Bxf6 Qxf6 9. Qd3 0-0 10. Be2 d5 11. exd5 Ba6 12. Qf3 Bxc3+ 13. bxc3 Rfe8 14. Qxf6 Rxe2+ 15. Kd1 gxf6 16. Rf1 Rd8 17. Kc1 Rxd5 18. Kb2 Rdd2 19. Rac1 Rxc2+ 20. Rxc2 Rxc2+ 21. Kxc2 Bxf1 0-1

[Event "COL-ch U18 Girls"]
[Site "Florencia"]
[Date "2013.05.31"]
[Round "1"]
[White "Barbosa, Daniela"]
[Black "Chirivi Castiblanco, Angie Lizeth"]
[Result "0-1"]
[WhiteElo "1710"]
[BlackElo "2040"]
[PlyCount "41"]
[EventDate "2013.05.31"]
[EventType "swiss"]
[EventRounds "7"]
[EventCountry "COL"]
[SourceTitle "CBM 154 Extra"]
[Source "ChessBase"]
[SourceDate "2013.06.25"]
[SourceVersion "2"]
[SourceVersionDate "2013.06.25"]
[SourceQuality "1"]

1. e4 e5 2. Nf3 Nc6 3. Bb5 a6 4. Bxc6 dxc6 5. Nc3 f6 6. d3 Bd6 7. Be3 Ne7 8. Qd2 Be6 9. 0-0 c5 10. Ne2 0-0 11. c3 f5 12. Ng5 Qd7 13. f4 Ng6 14. fxe5 Nxe5 15. Ng3 fxe4 16. N5xe4 b6 17. Qe2 Bg4 18. Qd2 Be7 19. d4 Nc4 20. Qc1 Rxf1+ 21. Kxf1 0-1

[Event "Latin Cup-A 3rd"]
[Site "Cali"]
[Date "2012.10.07"]
[Round "6"]
[White "Norena, Wilder"]
[Black "Barbosa, Daniela"]
[Result "1/2-1/2"]
[WhiteElo "1533"]
[BlackElo "1764"]
[PlyCount "67"]
[EventDate "2012.10.04"]
[EventType "swiss"]
[EventRounds "9"]
[EventCountry "COL"]
[SourceTitle "CBM 150 Extra"]
[Source "ChessBase"]
[SourceDate "2012.10.19"]
[SourceVersion "1"]
[SourceVersionDate "2012.10.19"]
[SourceQuality "1"]

1. e4 c5 2. Nf3 d6 3. d4 cxd4 4. Nxd4 Nc6 5. Nc3 Nf6 6. Be2 g6 7. 0-0 Bg7 8. Be3 Nd7 9. Nb3 Nb6 10. f4 0-0 11. Kh1 f5 12. Bd3 fxe4 13. Bxe4 Kh8 14. Qd3 e6 15. Nd2 d5 16. Bxb6 Qxb6 17. Bf3 Qxb2 18. Ne2 Nb4 19. Qb5 Nxc2 20. Qxb2 Bxb2 21. Rab1 Bg7 22. Rfc1 Nd4 23. Nxd4 Bxd4 24. g3 Be3 25. Rc2 d4 26. Bxb7 Bxb7+ 27. Rxb7 Rfc8 28. Rxc8+ Rxc8 29. Ne4 Kg8 30. Nf6+ Kf8 31. Nxh7+ Ke8 32. Nf6+ Kf8 33. Nd7+ Ke8 34. Nf6+ 1/2-1/2

[Event "Latin Cup-A 3rd"]
[Site "Cali"]
[Date "2012.10.05"]
[Round "3"]
[White "Cespedes Rodriguez, Jaime"]
[Black "Barbosa, Daniela"]
[Result "1-0"]
[WhiteElo "2167"]
[BlackElo "1764"]
[PlyCount "57"]
[EventDate "2012.10.04"]
[EventType "swiss"]
[EventRounds "9"]
[EventCountry "COL"]
[SourceTitle "CBM 150 Extra"]
[Source "ChessBase"]
[SourceDate "2012.10.19"]
[SourceVersion "1"]
[SourceVersionDate "2012.10.19"]
[SourceQuality "1"]

1. d4 Nf6 2. c4 g6 3. Nc3 d6 4. e4 Bg7 5. Nf3 b6 6. Be2 Bb7 7. Qc2 Nfd7 8. 0-0 Nc6 9. Be3 e5 10. d5 Nd4 11. Bxd4 exd4 12. Nb5 0-0 13. Nbxd4 Re8 14. Rfe1 Nc5 15. Bf1 Qe7 16. Rad1 Bc8 17. b4 Nb7 18. h3 Bd7 19. Nb5 Bxb5 20. cxb5 Rec8 21. Qd2 Qf6 22. Rc1 Qb2 23. Rc2 Qf6 24. Rec1 Qe7 25. Rc4 a6 26. bxa6 Rxa6 27. Rxc7 Rxc7 28. Bxa6 Rxc1+ 29. Qxc1 1-0

[Event "Center Region-ch U18"]
[Site "Villavicencio"]
[Date "2012.05.19"]
[Round "2.9"]
[White "Cespedes Galindo, Estefania"]
[Black "Barbosa, Daniela"]
[Result "1-0"]
[WhiteElo "1799"]
[BlackElo "1798"]
[PlyCount "55"]
[EventDate "2012.05.18"]
[EventType "swiss"]
[EventRounds "6"]
[EventCountry "COL"]
[SourceTitle "EXT 2024"]
[Source "ChessBase"]
[SourceDate "2023.10.10"]
[SourceVersion "1"]
[SourceVersionDate "2023.10.10"]
[SourceQuality "1"]

1. d4 Nf6 2. c4 g6 3. Nc3 Bg7 4. e4 d6 5. f3 b6 6. Be3 0-0 7. Qd2 Re8 8. Bd3 Bb7 9. Nh3 Nc6 10. 0-0 Nd7 11. Bc2 e6 12. Rad1 f5 13. exf5 exf5 14. c5 dxc5 15. Bb3+ Kf8 16. Ng5 cxd4 17. Nxh7+ Ke7 18. Bg5+ Nf6 19. Nd5+ Kd6 20. Nhxf6 Bxf6 21. Nxf6 Qc8 22. Nxe8+ Qxe8 23. Rfe1 Qh8 24. Qf4+ Kd7 25. Be6+ Ke8 26. Bxf5+ Kf8 27. Bxg6+ Kg7 28. Qf7# 1-0